Отчуждение труда и проблема профессионального выгорания; Евразийское Научное Объединение; Т. 1, № 5 (5)
| Parent link: | Евразийское Научное Объединение.— , 2015- Т. 1, № 5 (5).— 2015.— [С. 79-81] |
|---|---|
| Autor principal: | |
| Outros Autores: | , |
| Resumo: | Заглавие с экрана В статье рассматривается проблема профессионального выгорания в контексте отчуждения труда. Проблема профессионального выгорания основанная на эмоциональном факторе, обусловленном отчуждением личности от процесса трудовой деятельности, является в настоящее время актуальным. Актуализация данного феномена обусловлена необходимостью снятия негативных последствий стрессовых ситуаций. Режим доступа: по договору с организацией-держателем ресурса |
| Idioma: | russo |
| Publicado em: |
2015
|
| Assuntos: | |
| Acesso em linha: | http://elibrary.ru/item.asp?id=23526841 |
| Formato: | MixedMaterials Recurso Electrónico Capítulo de Livro |
| KOHA link: | https://koha.lib.tpu.ru/cgi-bin/koha/opac-detail.pl?biblionumber=642831 |
MARC
| LEADER | 00000nla0a2200000 4500 | ||
|---|---|---|---|
| 001 | 642831 | ||
| 005 | 20250210163700.0 | ||
| 035 | |a (RuTPU)RU\TPU\network\7796 | ||
| 090 | |a 642831 | ||
| 100 | |a 20150814d2015 k||y0rusy50 ca | ||
| 101 | 0 | |a rus | |
| 102 | |a RU | ||
| 135 | |a drcn ---uucaa | ||
| 181 | 0 | |a i | |
| 182 | 0 | |a b | |
| 200 | 1 | |a Отчуждение труда и проблема профессионального выгорания |f Р. Б. Квеско, Я. И. Чаплинская, С. Б. Квеско | |
| 203 | |a Текст |c электронный | ||
| 300 | |a Заглавие с экрана | ||
| 320 | |a [Библиогр.: с. 81 (3 назв.)] | ||
| 330 | |a В статье рассматривается проблема профессионального выгорания в контексте отчуждения труда. Проблема профессионального выгорания основанная на эмоциональном факторе, обусловленном отчуждением личности от процесса трудовой деятельности, является в настоящее время актуальным. Актуализация данного феномена обусловлена необходимостью снятия негативных последствий стрессовых ситуаций. | ||
| 333 | |a Режим доступа: по договору с организацией-держателем ресурса | ||
| 461 | |t Евразийское Научное Объединение |d 2015- | ||
| 463 | |t Т. 1, № 5 (5) |v [С. 79-81] |d 2015 | ||
| 610 | 1 | |a электронный ресурс | |
| 610 | 1 | |a труды учёных ТПУ | |
| 610 | 1 | |a отчуждение | |
| 610 | 1 | |a стрессовые ситуации | |
| 610 | 1 | |a эмоциональное воздействие | |
| 610 | 1 | |a выгорание | |
| 700 | 1 | |a Квеско |b Р. Б. |c философ |c доцент Томского политехнического университета, доктор философских наук |f 1943- |g Раиса Брониславовна |3 (RuTPU)RU\TPU\pers\25429 | |
| 701 | 1 | |a Чаплинская |b Я. И. |c экономист |c младший научный сотрудник Томского политехнического университета |f 1992- |g Яна Игоревна |3 (RuTPU)RU\TPU\pers\40661 | |
| 701 | 1 | |a Квеско |b С. Б. |g Светлана Брониславовна | |
| 801 | 2 | |a RU |b 63413507 |c 20181026 |g RCR | |
| 856 | 4 | |u http://elibrary.ru/item.asp?id=23526841 | |
| 942 | |c CF | ||